000 00547nam a2200205Ia 4500
003 GCL
008 140319s9999 xx 000 0 ara d
040 _aGCL /
_cGCL
082 0 4 _a822
_bم ش
100 1 _aاحمد خاكى
245 1 0 _aشيكسبير /
_cاحمد خاكى
700 1 _aزكى نجيب محمود
700 1 _aمحمد فريد ابوحديد
300 _a176
490 _aاقرأ
_v0
650 0 4 _aالادب
650 0 4 _aالادب الانجليزى
650 0 4 _aشكسبير، ويليام
942 _2ddc
_cBK
999 _c41097
_d41097